00320nam a2200121Ia 4500008004100000245005900041260001700100260000900117300000800126650002300134650001200157856002900169170516s9999 xx 000 0 und d aProgress in the Development of Nanotheranostic Systems bTheranostics c2016 a6:7 xMedical Technology xMedtech uhttp://www.thno.org/v6i7